[Event "88th ch-ARG Superior 2013"]
[Site "Resistance/Saenz Pena ARG"]
[Date "2013.09.03"]
[Round "9.1"]
[White "Slipak, Sergio"]
[Black "Felgaer, Ruben"]
[Result "0-1"]
[WhiteTitle "GM"]
[BlackTitle "GM"]
[WhiteElo "2444"]
[BlackElo "2586"]
[WhiteFideId "100250"]
[BlackFideId "107069"]
[EventDate "2013.08.25"]

1. Nf3 g6 2. e4 c5 3. c3 Bg7 4. d4 cxd4 5. cxd4 d5 6. e5 Nh6 7. Nc3 O-O 8. h3
Nc6 9. Be2 f6 10. exf6 exf6 11. O-O Be6 12. Bf4 g5 13. Bh2 Nf5 14. Nb5 Rf7 15.
Bd3 Bf8 16. Re1 Bc8 17. a3 a6 18. Qc2 Nh4 19. Nxh4 axb5 20. Nf3 b4 21. Bf5 bxa3
22. bxa3 Bxf5 23. Qxf5 Rxa3 24. Rab1 Qd7 25. Qxd7 Rxd7 26. Re3 Ra4 27. g4 Kf7
28. Rb5 Rb4 29. Rb3 Rxb3 30. Rxb3 Bb4 31. Kf1 b5 32. Rb1 Ra7 33. Rc1 Ra6 34. Ke2
Ke6 35. Bg3 Kd7 36. h4 Ra2+ 37. Ke3 Ra3+ 38. Ke2 Ra2+ 39. Ke3 h5 40. Rd1 hxg4
41. Nh2 gxh4 42. Bxh4 f5 43. Bg3 Bc3 44. Kf4 Ke6 45. Kg5 b4 46. Nf1 b3 47. Ne3
Bd2 48. Rh1 Bxe3+ 49. fxe3 b2 50. Rh6+ Kd7 51. Rd6+ Ke7 0-1

[Event "88th ch-ARG Superior 2013"]
[Site "Resistance/Saenz Pena ARG"]
[Date "2013.09.03"]
[Round "9.3"]
[White "Peralta, Fernando"]
[Black "Iermito, Sebastian"]
[Result "1/2-1/2"]
[WhiteTitle "GM"]
[BlackTitle "IM"]
[WhiteElo "2609"]
[BlackElo "2473"]
[WhiteFideId "105309"]
[BlackFideId "114286"]
[EventDate "2013.08.25"]

1. d4 d5 2. c4 dxc4 3. e3 e5 4. Bxc4 exd4 5. exd4 Bd6 6. Nf3 Nf6 7. Qe2+ Qe7 8.
Qxe7+ Kxe7 9. O-O Be6 10. Re1 Kd7 11. Ne5+ Bxe5 12. dxe5 Bxc4 13. exf6 gxf6 14.
b3 Be6 15. Nc3 c5 16. Bf4 Kc6 17. Rad1 b6 18. Ne4 Na6 19. Rd6+ Kb7 20. Nxf6 Nb4
21. Rd2 1/2-1/2

[Event "88th ch-ARG Superior 2013"]
[Site "Resistance/Saenz Pena ARG"]
[Date "2013.09.03"]
[Round "9.5"]
[White "Tristan, Leonardo"]
[Black "Mareco, Sandro"]
[Result "1/2-1/2"]
[WhiteTitle "IM"]
[BlackTitle "GM"]
[WhiteElo "2457"]
[BlackElo "2561"]
[WhiteFideId "113816"]
[BlackFideId "112275"]
[EventDate "2013.08.25"]

1. d4 Nf6 2. c4 g6 3. Nc3 Bg7 4. e4 d6 5. f4 O-O 6. Nf3 c5 7. dxc5 Qa5 8. Bd3
Qxc5 9. Qe2 Nc6 10. Be3 Qa5 11. Rc1 Bg4 12. O-O Nd7 13. Qd2 Rfc8 14. Bb1 a6 15.
a3 b5 16. cxb5 axb5 17. Ng5 h6 18. Nxf7 Be6 19. Nxd6 exd6 20. Qxd6 Nd4 21. e5
Rc4 22. Bxd4 Ra6 23. Qe7 Rxd4 24. Ne4 Bc4 25. Nd6 Raxd6 26. exd6 Qb6 27. Qe8+
Nf8 28. Kh1 Qxd6 29. Rfe1 Rxf4 30. Rcd1 Qf6 31. Qe3 Qf7 32. b4 Qc7 33. Bd3 Kh7
34. Rf1 Rh4 35. h3 Bd4 36. Qf3 Bg7 37. Qf2 Rh5 38. Rc1 Qc6 39. Bxc4 bxc4 40. Qf3
Qe6 41. Qf7 Rxh3+ 42. gxh3 Qxh3+ 43. Kg1 Qg3+ 44. Kh1 Qh3+ 45. Kg1 Qg3+ 1/2-1/2

[Event "88th ch-ARG Superior 2013"]
[Site "Resistance/Saenz Pena ARG"]
[Date "2013.09.03"]
[Round "9.6"]
[White "Valerga, Diego"]
[Black "Perez Ponsa, Federico"]
[Result "1/2-1/2"]
[WhiteTitle "GM"]
[BlackTitle "GM"]
[WhiteElo "2490"]
[BlackElo "2497"]
[WhiteFideId "100587"]
[BlackFideId "117927"]
[EventDate "2013.08.25"]

1. d4 Nf6 2. c4 g6 3. Nc3 Bg7 4. e4 d6 5. f3 O-O 6. Be3 c5 7. Nge2 Nc6 8. d5 Ne5
9. Ng3 e6 10. Be2 exd5 11. cxd5 a6 12. a4 Bd7 13. O-O b5 14. h3 Rb8 15. f4 Nc4
16. Bxc4 bxc4 17. e5 Ne8 18. Qd2 f5 19. exf6 Qxf6 20. Rae1 Bf5 21. Rf3 Bd3 22.
f5 Nc7 23. Nge4 Bxe4 24. Nxe4 Qxb2 25. f6 Qxd2 26. Bxd2 Bh8 27. Ref1 Nxd5 28.
f7+ Kg7 29. Nxd6 h6 30. Nxc4 1/2-1/2

[Event "88th ch-ARG Superior 2013"]
[Site "Resistance/Saenz Pena ARG"]
[Date "2013.09.03"]
[Round "9.7"]
[White "Liascovich, Lucas"]
[Black "Paveto, Kevin"]
[Result "1/2-1/2"]
[WhiteTitle "IM"]
[BlackTitle "FM"]
[WhiteElo "2447"]
[BlackElo "2343"]
[WhiteFideId "108634"]
[BlackFideId "173444"]
[EventDate "2013.08.25"]

1. Nf3 Nf6 2. c4 g6 3. Nc3 d5 4. cxd5 Nxd5 5. Qa4+ Nc6 6. Ne5 Qd6 7. Nxc6 Qxc6
8. Qxc6+ bxc6 9. b3 Bg7 10. Bb2 Nxc3 11. Bxc3 Bxc3 12. dxc3 e5 13. e4 Ke7 14.
O-O-O Be6 15. Ba6 Rab8 16. Kc2 Rb6 17. Be2 a5 18. Rb1 Ra8 19. a3 c5 20. f3 Rab8 1/2-1/2

[Event "88th ch-ARG Superior 2013"]
[Site "Resistance/Saenz Pena ARG"]
[Date "2013.09.04"]
[Round "10.1"]
[White "Felgaer, Ruben"]
[Black "Paveto, Kevin"]
[Result "0-1"]
[WhiteTitle "GM"]
[BlackTitle "FM"]
[WhiteElo "2586"]
[BlackElo "2343"]
[WhiteFideId "107069"]
[BlackFideId "173444"]
[EventDate "2013.08.25"]

1. e4 e5 2. Nf3 Nc6 3. Bb5 f5 4. d3 fxe4 5. dxe4 Nf6 6. O-O Bc5 7. Qd3 d6 8. Qc4
Qe7 9. b4 Be6 10. Bxc6+ bxc6 11. Qa6 Bb6 12. a4 Nxe4 13. a5 Bxf2+ 14. Rxf2 Nxf2
15. Qxc6+ Kf7 16. Kxf2 Rhf8 17. Bg5 Qd7 18. Qxd7+ Bxd7 19. Nc3 Rab8 20. Rb1 a6
21. Bd2 Bc6 22. Ke3 h6 23. Ne2 g5 24. h3 Ke6 25. c4 Rf7 26. b5 axb5 27. cxb5
Bxb5 28. Ned4+ exd4+ 29. Nxd4+ Kd7 30. Rxb5 Rxb5 31. Nxb5 c5 32. Nc3 Kc6 33. Ke2
d5 34. h4 gxh4 35. Bxh6 d4 36. Ne4 Kd5 37. Nf2 c4 38. Bg5 Rh7 39. Bf6 Rh6 40.
Bg5 Rg6 41. Nh3 Rg8 42. Bxh4 Rxg2+ 43. Nf2 Rg1 44. Bd8 Ra1 45. Bb6 Ra2+ 46. Ke1
c3 47. Nd3 Ke4 48. Nc5+ Kf3 49. Kd1 Ra1+ 50. Kc2 Ke2 51. Ne6 d3+ 52. Kxc3 Rc1+
53. Kb2 d2 54. Nf4+ Kf3 55. Nd3 Rf1 0-1

[Event "88th ch-ARG Superior 2013"]
[Site "Resistance/Saenz Pena ARG"]
[Date "2013.09.04"]
[Round "10.2"]
[White "Perez Ponsa, Federico"]
[Black "Liascovich, Lucas"]
[Result "1-0"]
[WhiteTitle "GM"]
[BlackTitle "IM"]
[WhiteElo "2497"]
[BlackElo "2447"]
[WhiteFideId "117927"]
[BlackFideId "108634"]
[EventDate "2013.08.25"]

1. d4 Nf6 2. c4 e6 3. g3 Bb4+ 4. Bd2 Qe7 5. Nf3 Nc6 6. Nc3 O-O 7. Bg2 Na5 8. b3
b6 9. O-O Bb7 10. Qc2 h6 11. a3 Bxa3 12. e4 Bb4 13. e5 Nh7 14. Rfe1 f5 15. d5 c6
16. Ra4 c5 17. Nh4 Rfb8 18. Nb5 Bxd2 19. Qxd2 Nxb3 20. Qd3 Nd4 21. Nd6 b5 22.
Nxb7 Rxb7 23. cxb5 Rab8 24. d6 Qd8 25. Bxb7 Rxb7 26. Nf3 Nxf3+ 27. Qxf3 Qb6 28.
h4 Qxb5 29. Rea1 Nf8 30. Ra5 Qb2 31. R5a2 Qb6 32. Qe3 Ng6 33. Rc2 Qc6 34. Rxc5
f4 35. gxf4 Qb6 36. Rc8+ Kh7 37. h5 1-0

[Event "88th ch-ARG Superior 2013"]
[Site "Resistance/Saenz Pena ARG"]
[Date "2013.09.04"]
[Round "10.3"]
[White "Mareco, Sandro"]
[Black "Valerga, Diego"]
[Result "1/2-1/2"]
[WhiteTitle "GM"]
[BlackTitle "GM"]
[WhiteElo "2561"]
[BlackElo "2490"]
[WhiteFideId "112275"]
[BlackFideId "100587"]
[EventDate "2013.08.25"]

1. e4 e6 2. d4 d5 3. Nd2 c5 4. Ngf3 cxd4 5. exd5 Qxd5 6. Bc4 Qd7 7. O-O Nc6 8.
Qe2 a6 9. Nb3 b5 10. Bd3 Bb7 11. a4 bxa4 12. Rxa4 Nb4 13. Ra5 Nxd3 14. Qxd3 Nf6
15. Nbxd4 Be7 16. Bf4 O-O 17. Rfa1 Bxf3 18. Nxf3 Qxd3 19. cxd3 Nd5 20. Bd2 1/2-1/2

[Event "88th ch-ARG Superior 2013"]
[Site "Resistance/Saenz Pena ARG"]
[Date "2013.09.04"]
[Round "10.4"]
[White "Pierrot, Facundo"]
[Black "Tristan, Leonardo"]
[Result "1/2-1/2"]
[WhiteTitle "IM"]
[BlackTitle "IM"]
[WhiteElo "2419"]
[BlackElo "2457"]
[WhiteFideId "103250"]
[BlackFideId "113816"]
[EventDate "2013.08.25"]

1. e4 e5 2. Nf3 Nc6 3. Bb5 a6 4. Ba4 Nf6 5. O-O Be7 6. Re1 b5 7. Bb3 d6 8. c3
O-O 9. h3 Na5 10. Bc2 d5 11. Nxe5 dxe4 12. d4 exd3 13. Qxd3 Qxd3 1/2-1/2

[Event "88th ch-ARG Superior 2013"]
[Site "Resistance/Saenz Pena ARG"]
[Date "2013.09.04"]
[Round "10.5"]
[White "Iermito, Sebastian"]
[Black "Krysa, Leandro"]
[Result "1/2-1/2"]
[WhiteTitle "IM"]
[BlackTitle "IM"]
[WhiteElo "2473"]
[BlackElo "2422"]
[WhiteFideId "114286"]
[BlackFideId "116807"]
[EventDate "2013.08.25"]

1. e4 e5 2. Nf3 Nc6 3. Bb5 Nf6 4. d3 Bc5 5. c3 O-O 6. O-O d6 7. Nbd2 Ne7 8. d4
exd4 9. cxd4 Bb6 10. Bd3 Bg4 11. h3 Bh5 12. d5 c6 13. dxc6 Nxc6 14. Nc4 1/2-1/2

[Event "88th ch-ARG Superior 2013"]
[Site "Resistance/Saenz Pena ARG"]
[Date "2013.09.04"]
[Round "10.6"]
[White "Lorenzini, Martin"]
[Black "Peralta, Fernando"]
[Result "0-1"]
[BlackTitle "GM"]
[WhiteElo "2487"]
[BlackElo "2609"]
[WhiteFideId "105570"]
[BlackFideId "105309"]
[EventDate "2013.08.25"]

1. e4 d6 2. d4 Nf6 3. Nc3 g6 4. Nf3 Bg7 5. Be2 O-O 6. O-O Bg4 7. h3 Bxf3 8. Bxf3
e5 9. dxe5 dxe5 10. Bg5 c6 11. a4 Nbd7 12. Qe2 Nc5 13. Rfd1 Qe7 14. Qc4 Ne6 15.
Be3 h5 16. a5 Rfc8 17. Na4 Nd7 18. c3 Kh7 19. Qe2 Rd8 20. b4 Bf6 21. Ra2 b5 22.
axb6 axb6 23. Rda1 b5 24. Nb6 Rxa2 25. Rxa2 Nxb6 26. Bxb6 Rb8 27. Be3 Kg7 28.
Ra6 Rc8 29. Qa2 Bg5 30. Bb6 Rb8 31. Bd1 Rxb6 32. Rxb6 Qd8 33. Rxc6 Qxd1+ 34. Kh2
h4 35. Rxe6 fxe6 36. Qxe6 Bf4+ 37. g3 hxg3+ 38. Kg2 Qd8 39. Qc6 Qd2 0-1

[Event "88th ch-ARG Superior 2013"]
[Site "Resistance/Saenz Pena ARG"]
[Date "2013.09.04"]
[Round "10.7"]
[White "Slipak, Sergio"]
[Black "Flores, Diego"]
[Result "1/2-1/2"]
[WhiteTitle "GM"]
[BlackTitle "GM"]
[WhiteElo "2444"]
[BlackElo "2578"]
[WhiteFideId "100250"]
[BlackFideId "108049"]
[EventDate "2013.08.25"]

1. Nf3 d6 2. d4 g6 3. g3 Bg7 4. Bg2 Nf6 5. O-O O-O 6. a4 Nbd7 7. a5 c6 8. Nc3
Qc7 9. e4 e5 10. h3 Re8 11. Re1 Rb8 12. Be3 b5 13. axb6 axb6 14. d5 b5 15. dxc6
Qxc6 16. Nd5 Bb7 17. Nd2 Nxd5 18. exd5 Qc7 19. Nb3 Nb6 20. Na5 e4 21. Bd4 f5 22.
Bxg7 Qxg7 23. Nc6 Ra8 24. Rxa8 Rxa8 25. c3 1/2-1/2

[Event "88th ch-ARG Superior 2013"]
[Site "Resistance/Saenz Pena ARG"]
[Date "2013.09.05"]
[Round "11.1"]
[White "Flores, Diego"]
[Black "Felgaer, Ruben"]
[Result "1-0"]
[WhiteTitle "GM"]
[BlackTitle "GM"]
[WhiteElo "2578"]
[BlackElo "2586"]
[WhiteFideId "108049"]
[BlackFideId "107069"]
[EventDate "2013.08.25"]

1. c4 e5 2. g3 d6 3. Bg2 g6 4. Nc3 Bg7 5. d3 c6 6. e4 f5 7. exf5 Bxf5 8. Nge2
Nf6 9. d4 O-O 10. h3 Qd7 11. d5 cxd5 12. cxd5 h5 13. f3 Qd8 14. g4 Bd7 15. Be3
e4 16. fxe4 hxg4 17. Nf4 Qe8 18. Qb3 gxh3 19. Bxh3 Nxe4 20. Be6+ Bxe6 21. Nxe6
Nxc3 22. bxc3 Nd7 23. Bd4 Nc5 24. Bxc5 dxc5 25. O-O-O Rf3 26. Qxb7 Rf7 27. Qc6
Rf3 28. Qc7 Rf7 29. Qh2 Bxc3 30. Rd3 Bf6 31. Rh3 Bg5+ 32. Nxg5 1-0

[Event "88th ch-ARG Superior 2013"]
[Site "Resistance/Saenz Pena ARG"]
[Date "2013.09.05"]
[Round "11.2"]
[White "Peralta, Fernando"]
[Black "Slipak, Sergio"]
[Result "0-1"]
[WhiteTitle "GM"]
[BlackTitle "GM"]
[WhiteElo "2609"]
[BlackElo "2444"]
[WhiteFideId "105309"]
[BlackFideId "100250"]
[EventDate "2013.08.25"]

1. d4 d5 2. c4 e6 3. Nc3 a6 4. cxd5 exd5 5. Bf4 Nf6 6. e3 Bd6 7. Bg5 Be6 8. Nf3
Nbd7 9. Bd3 c6 10. h3 Qc7 11. Qd2 h6 12. Bf4 g5 13. Bxd6 Qxd6 14. O-O-O O-O-O
15. Kb1 Kb8 16. Rc1 Ka7 17. Qc2 Rhe8 18. Nd2 c5 19. dxc5 Nxc5 20. Nb5+ axb5 21.
Qxc5+ Qxc5 22. Rxc5 d4 23. e4 Bd7 24. Rhc1 Kb6 25. b4 Bc6 26. a4 bxa4 27. Nc4+
Ka7 28. f3 Nh5 29. g3 Nxg3 30. Ra5+ Kb8 31. b5 b6 32. Nxb6 Bb7 33. Nxa4 f5 34.
exf5 Re3 35. Nc5 Rxf3 36. b6 Rd6 37. Bb5 Rxf5 38. Ka1 d3 39. Ba4 d2 0-1

[Event "88th ch-ARG Superior 2013"]
[Site "Resistance/Saenz Pena ARG"]
[Date "2013.09.05"]
[Round "11.3"]
[White "Krysa, Leandro"]
[Black "Lorenzini, Martin"]
[Result "1/2-1/2"]
[WhiteTitle "IM"]
[WhiteElo "2422"]
[BlackElo "2487"]
[WhiteFideId "116807"]
[BlackFideId "105570"]
[EventDate "2013.08.25"]

1. d4 d5 2. c4 c6 3. Nf3 Nf6 4. Nc3 e6 5. Bg5 Nbd7 6. cxd5 exd5 7. e3 Be7 8. Qc2
Nh5 9. Bxe7 Qxe7 10. g4 Nf4 11. O-O-O Ng6 12. h4 Nb6 13. h5 Bxg4 14. hxg6 Bxf3
15. Rxh7 Rxh7 16. gxh7 Qh4 17. Qf5 Bxd1 18. Qe5+ Kd7 19. Nb5 Rc8 20. Qd6+ Ke8
21. Qe5+ Kd8 22. Nd6 Qxh7 23. Nxb7+ Kd7 24. Bd3 g6 25. Nc5+ Kd8 26. Nb7+ Kd7 27.
Nc5+ 1/2-1/2

[Event "88th ch-ARG Superior 2013"]
[Site "Resistance/Saenz Pena ARG"]
[Date "2013.09.05"]
[Round "11.4"]
[White "Tristan, Leonardo"]
[Black "Iermito, Sebastian"]
[Result "1/2-1/2"]
[WhiteTitle "IM"]
[BlackTitle "IM"]
[WhiteElo "2457"]
[BlackElo "2473"]
[WhiteFideId "113816"]
[BlackFideId "114286"]
[EventDate "2013.08.25"]

1. d4 Nf6 2. c4 c5 3. d5 e6 4. Nc3 exd5 5. cxd5 d6 6. e4 g6 7. Nge2 Bg7 8. Ng3
O-O 9. Be2 Na6 10. O-O Nc7 11. a4 a6 12. Bg5 h6 13. Be3 h5 14. Bg5 Qe8 15. f4
Ng4 16. f5 Bd4+ 17. Kh1 Nf2+ 18. Rxf2 Bxf2 19. Nxh5 gxh5 20. Bxh5 Qe5 21. Qg4
Qg7 22. Qf4 Bd4 23. f6 Qh7 24. Bh6 Ne8 25. Qg5+ Kh8 26. Bxf8 Nxf6 27. Bxf7 Ng4
28. Qh5 1/2-1/2

[Event "88th ch-ARG Superior 2013"]
[Site "Resistance/Saenz Pena ARG"]
[Date "2013.09.05"]
[Round "11.7"]
[White "Paveto, Kevin"]
[Black "Perez Ponsa, Federico"]
[Result "0-1"]
[WhiteTitle "FM"]
[BlackTitle "GM"]
[WhiteElo "2343"]
[BlackElo "2497"]
[WhiteFideId "173444"]
[BlackFideId "117927"]
[EventDate "2013.08.25"]

1. e4 c5 2. Nf3 d6 3. d4 cxd4 4. Nxd4 Nf6 5. Nc3 a6 6. Be3 e5 7. Nb3 Be6 8. h3
Nbd7 9. g4 Rc8 10. Bg2 Nb6 11. Bxb6 Qxb6 12. O-O Be7 13. Nd5 Nxd5 14. exd5 Bd7
15. Rc1 Bg5 16. Nd2 O-O 17. c4 Qxb2 18. Rc2 Qd4 19. Ne4 Qxd1 20. Rxd1 Ba4 21.
Rb2 Bxd1 22. Nxg5 Rxc4 23. Rxb7 Bc2 24. Rd7 h6 25. Nf3 e4 26. Nd2 Rd4 27. Nf1
Rd1 28. Kh2 Rxd5 29. Ne3 Rd2 30. Kg3 Bd3 31. h4 Rxa2 32. g5 hxg5 33. hxg5 Re8
34. Bh3 Re5 35. Rd8+ Kh7 36. g6+ Kxg6 37. f4 Rc5 38. Rh8 Re2 39. f5+ Kg5 0-1

[Event "88th ch-ARG Superior 2013"]
[Site "Resistance/Saenz Pena ARG"]
[Date "2013.09.06"]
[Round "12.1"]
[White "Felgaer, Ruben"]
[Black "Perez Ponsa, Federico"]
[Result "1-0"]
[WhiteTitle "GM"]
[BlackTitle "GM"]
[WhiteElo "2586"]
[BlackElo "2497"]
[WhiteFideId "107069"]
[BlackFideId "117927"]
[EventDate "2013.08.25"]

1. e4 c5 2. Nc3 d6 3. f4 Nc6 4. Nf3 g6 5. d4 cxd4 6. Nxd4 Bg7 7. Be3 Nf6 8. Be2
O-O 9. O-O Qb6 10. Qd3 Ng4 11. Bxg4 Bxd4 12. Bxd4 Qxd4+ 13. Qxd4 Nxd4 14. Bd1
Kg7 15. Nd5 e6 16. Ne3 f5 17. c3 Nc6 18. exf5 gxf5 19. Bf3 Ne7 20. Rad1 Rd8 21.
Rd2 Ng6 22. g3 Kf6 23. Rfd1 Ke7 24. b4 Rb8 25. c4 b6 26. Re1 Kf6 27. Red1 Ke7
28. Nc2 Nh8 29. c5 bxc5 30. bxc5 Rb2 31. Nd4 Rxd2 32. Nc6+ Kf6 33. Rxd2 Rd7 34.
Rxd6 Rc7 35. Rd3 Nf7 36. Rc3 Bd7 37. Nb4 Bb5 38. Kf2 Nd6 39. a4 Be8 40. Na6 Rc8
41. a5 Bb5 42. Nb4 Nc4 43. Nc6 Bxc6 44. Rxc4 e5 45. Bxc6 Rxc6 46. Ke3 e4 47. g4
h6 48. h3 Ke6 49. Rc1 Kf6 50. Kd4 Ke6 51. Rc2 h5 52. g5 Kf7 53. Ke5 Kg6 54. Kd5
Rc8 55. c6 e3 56. c7 e2 57. Rxe2 Rxc7 58. Re6+ Kg7 59. Rc6 Re7 60. Re6 Rb7 61.
Rc6 Rb4 62. Ra6 Rxf4 63. Ke5 Rf1 64. h4 f4 65. Rxa7+ Kg6 66. Ra6+ Kg7 67. Kf5 f3
68. Ra7+ Kf8 69. Kf6 Re1 70. g6 Re8 71. Rf7+ Kg8 72. Kg5 Re5+ 73. Kh6 Rxa5 74.
Rxf3 Ra4 75. Rb3 Ra8 76. Rb7 Rc8 77. Ra7 Rb8 78. Rd7 Ra8 79. Kxh5 Rb8 80. Ra7
Rc8 81. Kh6 Rb8 82. Rg7+ Kh8 83. Rh7+ Kg8 84. Rd7 Ra8 85. h5 Rb8 86. Rd5 Ra8 87.
Kg5 Rb8 88. h6 Kh8 89. Rd6 Ra8 90. Kf6 Re8 91. Rd1 Kg8 92. h7+ 1-0

[Event "88th ch-ARG Superior 2013"]
[Site "Resistance/Saenz Pena ARG"]
[Date "2013.09.06"]
[Round "12.2"]
[White "Mareco, Sandro"]
[Black "Paveto, Kevin"]
[Result "0-1"]
[WhiteTitle "GM"]
[BlackTitle "FM"]
[WhiteElo "2561"]
[BlackElo "2343"]
[WhiteFideId "112275"]
[BlackFideId "173444"]
[EventDate "2013.08.25"]

1. Nf3 Nf6 2. c4 g6 3. Nc3 d5 4. cxd5 Nxd5 5. h4 h5 6. Qb3 Nb6 7. Ng5 e6 8. g3
Nc6 9. Bg2 Nd4 10. Qd1 Bg7 11. e3 Nf5 12. d4 c6 13. a4 a5 14. O-O O-O 15. Qb3
Nd5 16. Rd1 Nb4 17. Bd2 Qe7 18. Be1 Rd8 19. Rac1 Bd7 20. Nce4 b6 21. Nd2 Rab8
22. Ndf3 c5 23. Bc3 c4 24. Qa3 Nd3 25. Qxe7 Nxe7 26. Ra1 Nd5 27. Rdb1 N5b4 28.
Nd2 Nc2 29. Nxc4 Nxa1 30. Rxa1 Nb4 31. b3 Nd5 32. Bb2 Bc6 33. Rc1 Ne7 34. Bf1
Bd5 35. Rb1 Nc6 36. Bc3 Bf8 37. Rd1 Be7 38. Be2 Bf6 39. Rc1 Be7 40. Rb1 Bb4 41.
Bb2 Bf8 42. Bc3 f6 43. Nh3 Be4 44. Rc1 Nb4 45. Nf4 Na2 46. Bd2 Nxc1 47. Bxc1 Kf7
48. Nd2 Rbc8 49. Bb2 Bc2 50. Bc4 Rxc4 51. bxc4 Bxa4 52. d5 exd5 53. Nxd5 b5 54.
e4 Bb4 55. Bc1 bxc4 56. Nxc4 Bb3 57. Nce3 Bxd5 58. Nxd5 a4 59. Kg2 Bd6 60. Nxf6
Kxf6 61. Bg5+ Ke6 0-1

[Event "88th ch-ARG Superior 2013"]
[Site "Resistance/Saenz Pena ARG"]
[Date "2013.09.06"]
[Round "12.3"]
[White "Pierrot, Facundo"]
[Black "Liascovich, Lucas"]
[Result "1/2-1/2"]
[WhiteTitle "IM"]
[BlackTitle "IM"]
[WhiteElo "2419"]
[BlackElo "2447"]
[WhiteFideId "103250"]
[BlackFideId "108634"]
[EventDate "2013.08.25"]

1. e4 e5 2. Nf3 d6 3. d4 Nf6 4. Nc3 Nbd7 5. Bc4 Be7 6. O-O O-O 7. Re1 c6 8. a4
b6 9. d5 Bb7 10. dxc6 Bxc6 11. Bg5 Qc7 12. b3 h6 13. Bxf6 Nxf6 14. Qe2 Rad8 15.
Rad1 Qb7 1/2-1/2

[Event "88th ch-ARG Superior 2013"]
[Site "Resistance/Saenz Pena ARG"]
[Date "2013.09.06"]
[Round "12.4"]
[White "Iermito, Sebastian"]
[Black "Valerga, Diego"]
[Result "1/2-1/2"]
[WhiteTitle "IM"]
[BlackTitle "GM"]
[WhiteElo "2473"]
[BlackElo "2490"]
[WhiteFideId "114286"]
[BlackFideId "100587"]
[EventDate "2013.08.25"]

1. e4 c5 2. Nf3 d6 3. d4 cxd4 4. Nxd4 Nf6 5. Nc3 e6 6. Be3 Nc6 7. Bc4 Be7 8. Qe2
a6 9. O-O-O Qc7 10. Bb3 b5 11. g4 Nxd4 12. Bxd4 e5 13. Nd5 Nxd5 14. Bxd5 Bb7 15.
Be3 O-O 16. Kb1 Rac8 17. Rd3 Bxd5 18. Rxd5 Qc4 19. Qd3 f6 20. f3 Qxd3 21. cxd3
Rc6 22. Rc1 Rfc8 23. a4 Rxc1+ 24. Bxc1 bxa4 25. Ra5 d5 26. Rxd5 Kf7 27. Ra5 Rd8
28. Kc2 Rc8+ 29. Kd1 Rd8 1/2-1/2

[Event "88th ch-ARG Superior 2013"]
[Site "Resistance/Saenz Pena ARG"]
[Date "2013.09.06"]
[Round "12.5"]
[White "Lorenzini, Martin"]
[Black "Tristan, Leonardo"]
[Result "1-0"]
[BlackTitle "IM"]
[WhiteElo "2487"]
[BlackElo "2457"]
[WhiteFideId "105570"]
[BlackFideId "113816"]
[EventDate "2013.08.25"]

1. e4 e5 2. Nf3 Nc6 3. Bc4 Bc5 4. O-O d6 5. c3 Qf6 6. b4 Bb6 7. a4 a6 8. d3 h6
9. Be3 Nge7 10. Nbd2 Ng6 11. Qe1 Nf4 12. Kh1 Ba7 13. Bxa7 Rxa7 14. Qe3 Ra8 15.
Ng1 g5 16. g3 Ng6 17. Ne2 Bh3 18. Rg1 Be6 19. Raf1 Bh3 20. Rc1 Be6 21. f3 h5 22.
Rcf1 Kd7 23. f4 exf4 24. gxf4 gxf4 25. Bxe6+ fxe6 26. Nxf4 Nxf4 27. Rxf4 Qxc3
28. Rf7+ Kc8 29. Nc4 Kb8 30. Rgg7 Qa1+ 31. Kg2 Qxa4 32. Rxc7 Nd8 33. Rc8+ 1-0

[Event "88th ch-ARG Superior 2013"]
[Site "Resistance/Saenz Pena ARG"]
[Date "2013.09.06"]
[Round "12.6"]
[White "Slipak, Sergio"]
[Black "Krysa, Leandro"]
[Result "1/2-1/2"]
[WhiteTitle "GM"]
[BlackTitle "IM"]
[WhiteElo "2444"]
[BlackElo "2422"]
[WhiteFideId "100250"]
[BlackFideId "116807"]
[EventDate "2013.08.25"]

1. d4 Nf6 2. Nf3 g6 3. g3 Bg7 4. Bg2 d5 5. O-O O-O 6. c3 a5 7. a4 c5 8. Na3 Nc6
9. Bf4 Ne4 10. Nb5 Bf5 11. Nh4 cxd4 12. Nxf5 gxf5 13. cxd4 Rc8 14. f3 Nf6 1/2-1/2

[Event "88th ch-ARG Superior 2013"]
[Site "Resistance/Saenz Pena ARG"]
[Date "2013.09.06"]
[Round "12.7"]
[White "Flores, Diego"]
[Black "Peralta, Fernando"]
[Result "0-1"]
[WhiteTitle "GM"]
[BlackTitle "GM"]
[WhiteElo "2578"]
[BlackElo "2609"]
[WhiteFideId "108049"]
[BlackFideId "105309"]
[EventDate "2013.08.25"]

1. c4 e5 2. g3 d6 3. Bg2 f5 4. Nc3 Nf6 5. d3 Be7 6. Nf3 O-O 7. O-O Qe8 8. c5 Nc6
9. cxd6 Bxd6 10. Bg5 Kh8 11. Bxf6 Rxf6 12. e3 Bd7 13. Rc1 Rd8 14. a3 Bc8 15. Qe2
Ne7 16. Nd2 c6 17. b4 Be6 18. Rfd1 Bf7 19. Rb1 a6 20. Na4 b5 21. Nc3 a5 22. d4
axb4 23. axb4 e4 24. f3 exf3 25. Bxf3 Nd5 26. Nxd5 Bxd5 27. Re1 Re6 28. Bxd5
cxd5 29. Qf3 Qe7 30. Nf1 f4 31. gxf4 Bxf4 32. Rb2 Bh6 33. Kh1 Rf6 34. Qg2 Rg6
35. Ng3 Bf4 36. Rf2 Bxg3 37. hxg3 Qxb4 38. Ref1 h6 39. Rf5 Qd6 40. g4 Qe7 41.
Qg3 b4 42. Re5 Re6 43. Kh2 Rxe5 44. dxe5 Re8 45. g5 Qxg5 46. Qxg5 hxg5 47. Rb1
Rxe5 48. Rxb4 Rxe3 49. Rb8+ Kh7 50. Rd8 Rd3 51. Kg2 g4 52. Kf2 g3+ 53. Ke2 Rd2+
54. Kf1 Kg6 55. Rd7 Kf6 56. Ke1 g2 57. Rd6+ Kf5 0-1

[Event "88th ch-ARG Superior 2013"]
[Site "Resistance/Saenz Pena ARG"]
[Date "2013.09.07"]
[Round "13.1"]
[White "Peralta, Fernando"]
[Black "Felgaer, Ruben"]
[Result "1-0"]
[WhiteTitle "GM"]
[BlackTitle "GM"]
[WhiteElo "2609"]
[BlackElo "2586"]
[WhiteFideId "105309"]
[BlackFideId "107069"]
[EventDate "2013.08.25"]

1. d4 d5 2. c4 c6 3. Nf3 Nf6 4. Nc3 dxc4 5. a4 Bf5 6. e3 e6 7. Bxc4 Bb4 8. O-O
O-O 9. Nh4 Nbd7 10. h3 Be4 11. Nxe4 Nxe4 12. Nf3 Nd6 13. Bd3 c5 14. e4 cxd4 15.
e5 Nf5 16. Bxf5 exf5 17. Qxd4 Be7 18. Qf4 g6 19. Rd1 Qc8 20. Be3 Rd8 21. Rac1
Qb8 22. g4 fxg4 23. hxg4 Nf8 24. Ng5 Bxg5 25. Qxg5 Rxd1+ 26. Rxd1 Qe8 27. Qf4
Rc8 28. Rd6 b5 29. b3 bxa4 30. bxa4 Ne6 31. Qe4 g5 32. Ra6 Rc7 33. Rxa7 Rxa7 34.
Bxa7 Qd7 35. Be3 Nf4 36. Bxf4 Qxg4+ 37. Kf1 gxf4 38. Qg2 1-0